[Event "Memorial Francesco Greco"]
[Site "Napoli ITA"]
[Date "2015.04.16"]
[Round "2"]
[White "Minopoli, Francesco"]
[Black "De Rosa, Fabrizio"]
[WhiteElo "1655"]
[BlackElo "1398"]
[Result "0-1"]
[PlyCount "109"]
[EventDate "2015.04.09"]

1. c4 c5 2. g3 Nc6 3. Bg2 e6 4. Nc3 Nge7 5. b3 g6 6. Bb2 Bg7 7. Rb1 O-O 8. Nf3
d5 9. O-O d4 10. Ne4 b6 11. d3 Bb7 12. a3 Qc7 13. Bc1 e5 14. Bd2 Nd8 15. Qc1 f5
16. Neg5 h6 17. Nh3 Kh7 18. Ne1 Bxg2 19. Nxg2 Qd7 20. f3 f4 21. g4 g5 22. Nf2
Nf7 23. Ne1 Ng6 24. Ng2 Nh4 25. Nxh4 gxh4 26. h3 Ng5 27. Kg2 Rg8 28. Qe1 Bf6
29. b4 Ne6 30. Ne4 Qe7 31. bxc5 Nxc5 32. Bb4 Rac8 33. Qd2 Nxe4 34. fxe4 Qg7 35.
Kf3 h5 36. Rg1 Qh6 37. Qe1 hxg4+ 38. Rxg4 Rxg4 39. hxg4 h3 40. Qh1 Qh4 41. Qh2
a5 42. Bd2 Kg6 43. Be1 Qh7 44. Rxb6 Rh8 45. Rb1 Bh4 46. Qxh3 Qe7 47. Bxa5 Bf6
48. Qg2 Qxa3 49. Be1 Bh4 50. Bxh4 Rxh4 51. Rh1 Qe7 52. g5 Rxh1 53. Qxh1 Kxg5
54. Qg2+ Kh6 55. Qh3+ {...} 0-1

[Event "Memorial Francesco Greco"]
[Site "Napoli ITA"]
[Date "2015.04.16"]
[Round "2"]
[White "Pellegrino, Giovanni"]
[Black "Fortuna, Armando"]
[WhiteElo "1394"]
[BlackElo "1618"]
[Result "0-1"]
[PlyCount "132"]
[EventDate "2015.04.09"]

1. d4 Nf6 2. Nf3 e6 3. c4 b6 4. Bg5 Be7 5. Nc3 Bb7 6. e3 O-O 7. Bd3 h6 8. Bh4
d5 9. O-O c5 10. cxd5 Nxd5 11. Bxe7 Qxe7 12. dxc5 Nxc3 13. bxc3 Qxc5 14. Qb3
Bxf3 15. gxf3 Qg5+ 16. Kh1 Rd8 17. Be4 Na6 18. Bxa8 Rxa8 19. Rad1 Nc5 20. Qc2
Rc8 21. Rg1 Qf6 22. Rg3 h5 23. f4 h4 24. Rg5 e5 25. Rxe5 h3 26. Rh5 Qc6+ 27.
Rhd5 Rd8 28. e4 Re8 29. Rd8 Nxe4 30. Rxe8+ Qxe8 31. f3 Nc5 32. Qd2 Kh7 33. Qf2
Qe6 34. Qh4+ Qh6 35. Qxh6+ Kxh6 36. Kg1 Ne6 37. Rd6 g6 38. f5 gxf5 39. Kf2 Kg5
40. Kg3 Nf4 41. Rd7 Ne2+ 42. Kxh3 Nxc3 43. Rxa7 Kf4 44. Kg2 b5 45. a3 Nb1 46.
a4 bxa4 47. Rxa4+ Kg5 48. Kg3 Nd2 49. h4+ Kh5 50. Ra8 Nf1+ 51. Kf2 Nd2 52. Ra5
Kg6 53. Kg3 Nc4 54. Kf4 Nxa5 55. h5+ Kxh5 56. Kxf5 Nc6 57. Kf6 Nd8 58. f4 Kg4
59. Ke7 Kxf4 60. Kf6 Ke4 61. Kg5 f5 62. Kh4 Kf3 63. Kh3 Kf2 64. Kh2 f4 65. Kh3
f3 66. Kh2 Ke2 0-1

[Event "Memorial Francesco Greco"]
[Site "Napoli ITA"]
[Date "2015.04.16"]
[Round "2"]
[White "Radice, Mario"]
[Black "Vannini, Aldo"]
[WhiteElo "1896"]
[BlackElo "1744"]
[Result "1-0"]
[PlyCount "75"]
[EventDate "2015.04.09"]

1. Nf3 d5 2. g3 Nf6 3. Bg2 g6 4. c4 Bg7 5. O-O c6 6. Na3 O-O 7. d3 Re8 8. b4
dxc4 9. Nxc4 Nd5 10. Bb2 Bxb2 11. Nxb2 Nxb4 12. Qd2 Nd5 13. Nc4 f6 14. d4 Nd7
15. Qh6 Nf8 16. Rad1 Be6 17. Rd2 Qc7 18. e4 Nb6 19. Ne3 Nc4 20. Nxc4 Bxc4 21.
Rc1 Bf7 22. d5 c5 23. Nd4 Qa5 24. Nb3 Qa3 25. Rxc5 Rac8 26. Qe3 Nd7 27. Rxc8
Rxc8 28. Bh3 Rd8 29. Rc2 Qd6 30. Qxa7 Qb4 31. Qd4 Qe1+ 32. Kg2 Ne5 33. f4 Nd7
34. Bg4 Nf8 35. Rc1 Qxe4+ 36. Qxe4 Bxd5 37. Qxd5+ Rxd5 38. Rc7 1-0

[Event "Memorial Francesco Greco"]
[Site "Napoli ITA"]
[Date "2015.04.16"]
[Round "2"]
[White "Seletsky, Grigory"]
[Black "Schiappoli, Dario"]
[WhiteElo "2324"]
[BlackElo "1872"]
[Result "1-0"]
[PlyCount "87"]
[EventDate "2015.04.09"]

1. c4 e5 2. Nc3 Nf6 3. d3 d5 4. cxd5 Nxd5 5. Nf3 Bc5 6. e3 Nxc3 7. bxc3 Qe7 8.
d4 e4 9. Ne5 Bd6 10. Nc4 O-O 11. Qh5 Nd7 12. Nxd6 cxd6 13. Be2 Nf6 14. Qh4 Re8
15. O-O Nd5 16. Qxe7 Rxe7 17. Bd2 Bf5 18. c4 Nf6 19. Rfb1 Rc8 20. a4 Be6 21.
Bb4 Rd7 22. d5 Bf5 23. h3 Kf8 24. a5 Ke7 25. Ba3 Rdc7 26. Bb2 Nd7 27. Bd4 f6
28. Bxa7 Ne5 29. Bd4 Nd3 30. Bg4 g6 31. Rb3 h5 32. Bxf5 gxf5 33. Rab1 Ra8 34.
Rxb7 Kd7 35. Rxc7+ Kxc7 36. Rb5 Ne5 37. c5 dxc5 38. Bxc5 Nd7 39. Bb4 Rb8 40.
Rxb8 Kxb8 41. Kh2 Kb7 42. Kg3 Ne5 43. Kh4 Nd3 44. Bd2 1-0

[Event "Memorial Francesco Greco"]
[Site "Napoli ITA"]
[Date "2015.04.16"]
[Round "2"]
[White "Somma, Erminio"]
[Black "Cocchia, Umberto"]
[WhiteElo "1520"]
[BlackElo "1812"]
[Result "0-1"]
[PlyCount "46"]
[EventDate "2015.04.09"]

1. d4 Nf6 2. Nf3 g6 3. Nbd2 Bg7 4. Nb3 d6 5. e3 O-O 6. Bd3 Nc6 7. O-O e5 8.
dxe5 dxe5 9. Re1 e4 10. Bc4 Qxd1 11. Rxd1 exf3 12. gxf3 Ne5 13. Be2 Be6 14. Nd4
Rad8 15. c3 Bc4 16. Re1 Bxe2 17. Rxe2 c5 18. Nb5 a6 19. Na3 Nxf3+ 20. Kh1 b5
21. Nc2 Ng4 22. h3 Nge5 23. Ne1 Rd1 0-1

[Event "Memorial Francesco Greco"]
[Site "Napoli ITA"]
[Date "2015.04.16"]
[Round "2"]
[White "Sparice, Lorenzo"]
[Black "Condorelli, Pietro"]
[WhiteElo "1472"]
[BlackElo "1677"]
[Result "0-1"]
[PlyCount "112"]
[EventDate "2015.04.09"]

1. Nf3 c5 2. e3 a6 3. d4 cxd4 4. exd4 e6 5. Bd3 Nf6 6. O-O Be7 7. b3 b5 8. a3
Bb7 9. Nbd2 Qc7 10. Bb2 O-O 11. Rc1 Nc6 12. Qe2 b4 13. a4 d6 14. h3 Nd5 15. Ne4
h6 16. Qd2 f5 17. Ng3 Bf6 18. Bc4 Na5 19. Bxd5 Bxd5 20. Qxb4 Bxf3 21. gxf3 Rab8
22. Qe1 Rfe8 23. Bc3 Nc6 24. Qd2 d5 25. Qd3 Bh4 26. Kg2 Ne7 27. Bd2 f4 28. Ne2
Bg5 29. h4 Bxh4 30. Bxf4 Qd7 31. Bxb8 Rxb8 32. Qxa6 Nf5 33. Rcd1 Qf7 34. Nf4
Ne3+ 35. fxe3 Re8 36. Qd3 e5 37. Ng6 e4 38. Ne5 Rxe5 39. dxe5 exd3 40. f4 dxc2
41. Rc1 Qg6+ 42. Kh1 Qe4+ 43. Kh2 Qxe3 44. Rg1 Qxf4+ 45. Kh1 Qe4+ 46. Rg2 Qxe5
47. Rcxc2 Bg5 48. Rcf2 Bf4 49. a5 Qh5+ 50. Kg1 Be3 51. Rg3 Qd1+ 52. Kg2 Bxf2
53. Kxf2 Qd2+ 54. Kf3 Qxa5 55. Kg4 Qb4+ 56. Kh3 d4 0-1

[Event "Memorial Francesco Greco"]
[Site "Napoli ITA"]
[Date "2015.04.16"]
[Round "2"]
[White "Taurisano, Vincenzo"]
[Black "Esposito, Luca"]
[WhiteElo "1869"]
[BlackElo "2209"]
[Result "0-1"]
[PlyCount "74"]
[EventDate "2015.04.09"]

1. d4 Nf6 2. Nf3 e6 3. Bg5 h6 4. Bh4 d6 5. e3 g5 6. Bg3 Nh5 7. c4 Bg7 8. Nc3
Nc6 9. Be2 Nxg3 10. hxg3 Bd7 11. Qd2 Qe7 12. O-O-O O-O-O 13. Ne1 f5 14. Nd3 Be8
15. Qc2 Kb8 16. b4 Rc8 17. b5 Nd8 18. Qb3 c5 19. d5 Qf6 20. Kd2 Qxc3+ 21. Qxc3
Bxc3+ 22. Kxc3 exd5 23. cxd5 Bxb5 24. Rb1 Bd7 25. Nb2 Kc7 26. a4 a6 27. Ra1 Nf7
28. Nc4 b6 29. Rhb1 Rb8 30. Rb2 Rb7 31. Nd2 b5 32. axb5 axb5 33. Rba2 Rhb8 34.
Ra7 Ne5 35. Rxb7+ Kxb7 36. Nf3 Ng4 37. Ra2 Ra8 0-1

[Event "Memorial Francesco Greco"]
[Site "Napoli ITA"]
[Date "2015.04.16"]
[Round "2"]
[White "Zinnai, Graziano Matteo"]
[Black "Solombrino, Giovanni"]
[WhiteElo "2110"]
[BlackElo "1819"]
[Result "1/2-1/2"]
[PlyCount "98"]
[EventDate "2015.04.09"]

1. e4 c5 2. Nf3 Nc6 3. Bb5 g6 4. d4 cxd4 5. Nxd4 Bg7 6. Be3 Nf6 7. f3 O-O 8. c4
a6 9. Bxc6 bxc6 10. Nc3 Bb7 11. Qd2 d5 12. cxd5 cxd5 13. e5 Nd7 14. f4 e6 15.
O-O Qe7 16. Rfe1 Rac8 17. Rac1 Nb8 18. Na4 Rxc1 19. Rxc1 Rc8 20. Nb3 Rxc1+ 21.
Qxc1 Nc6 22. Nac5 Bf8 23. Nxa6 Bxa6 24. Qxc6 Qb4 25. Kf2 Bc4 26. Qb6 Bxb3 27.
Qxb4 Bxb4 28. axb3 Kf8 29. Bd4 Ke8 30. Bc3 Bc5+ 31. Kf3 Kd7 32. g4 Kc6 33. f5
g5 34. b4 Bf8 35. Ke3 Kb5 36. Kd3 Bxb4 37. Bd4 Bc5 38. Bc3 Bg1 39. h3 Bh2 40.
Bd4 Kb4 41. Bc3+ Kb5 42. b3 Bg3 43. Ke3 Bf4+ 44. Kd4 Bg3 45. Bd2 h6 46. Bc3 Bf4
47. Kd3 Bg3 48. Kd4 Bf2+ 49. Kd3 Bg3 1/2-1/2

[Event "Memorial Francesco Greco"]
[Site "Napoli ITA"]
[Date "2015.04.23"]
[Round "3"]
[White "Baccelliere, Antonio"]
[Black "Ficco, Corrado"]
[WhiteElo "1695"]
[BlackElo "2045"]
[Result "0-1"]
[PlyCount "48"]
[EventDate "2015.04.09"]

1. e4 c5 2. Nf3 Nc6 3. d4 cxd4 4. Nxd4 Qc7 5. Nc3 e6 6. Ndb5 Qb8 7. Be3 b6 8.
Qd2 a6 9. Nd4 Nf6 10. Rd1 Nxd4 11. Bxd4 e5 12. Be3 Bb4 13. f3 Qc7 14. a4 Bb7
15. Bd3 d5 16. exd5 Nxd5 17. O-O Nxe3 18. Rde1 Nxf1 19. Kxf1 O-O 20. Qg5 Bxc3
21. bxc3 Rae8 22. c4 e4 23. Bxe4 Bxe4 24. fxe4 Qxc4+ 0-1

[Event "Memorial Francesco Greco"]
[Site "Napoli ITA"]
[Date "2015.04.23"]
[Round "3"]
[White "Baccelliere, Donato"]
[Black "Somma, Erminio"]
[WhiteElo "1467"]
[BlackElo "1520"]
[Result "0-1"]
[PlyCount "96"]
[EventDate "2015.04.09"]

1. e4 d5 2. exd5 Qxd5 3. Nc3 Qa5 4. d4 Nf6 5. Bd2 c6 6. Nf3 Bg4 7. Be2 Nbd7 8.
O-O e6 9. Ne4 Qc7 10. Nxf6+ Nxf6 11. Ne5 Bxe2 12. Qxe2 Bd6 13. f4 Nd7 14. Qg4
g6 15. Rae1 Nxe5 16. fxe5 Bf8 17. Bg5 h6 18. Bf6 Rh7 19. c3 Be7 20. Qf3 O-O-O
21. a4 Bxf6 22. Qxf6 a5 23. Qh4 Rd7 24. b3 c5 25. b4 b6 26. b5 Kb8 27. Rb1 Rh8
28. Qe4 Rd5 29. c4 Rxd4 30. Qc6 Rd7 31. Rbd1 Rhd8 32. Rxd7 Rxd7 33. Qe4 Rd4 34.
Qe2 Qd7 35. Qc2 g5 36. h3 Rf4 37. Rd1 Rd4 38. Rxd4 Qxd4+ 39. Kh2 Qxe5+ 40. Kh1
f5 41. Qd2 Qd4 42. Qxd4 cxd4 43. Kg1 Kc7 44. Kf2 Kd6 45. Ke2 Kc5 46. Kd3 e5 47.
g3 e4+ 48. Kd2 Kxc4 0-1

[Event "Memorial Francesco Greco"]
[Site "Napoli ITA"]
[Date "2015.04.23"]
[Round "3"]
[White "Basso, Lorenzo"]
[Black "Radice, Mario"]
[WhiteElo "1901"]
[BlackElo "1896"]
[Result "1-0"]
[PlyCount "43"]
[EventDate "2015.04.09"]

1. d4 Nf6 2. Bg5 Ne4 3. Bh4 c5 4. f3 g5 5. fxe4 gxh4 6. e3 Bh6 7. Kf2 cxd4 8.
exd4 Qb6 9. Nc3 e6 10. Nf3 Nc6 11. Bc4 Bg7 12. Ne2 Qxb2 13. Rb1 Qa3 14. Qd2
Nxd4 15. Nexd4 Qc5 16. Be2 e5 17. Rb5 Qa3 18. Nf5 Bf8 19. Rxe5+ Kd8 20. Qg5+
Kc7 21. Ne3 Bd6 22. Nc4 1-0

[Event "Memorial Francesco Greco"]
[Site "Napoli ITA"]
[Date "2015.04.23"]
[Round "3"]
[White "Caiazzo, Diego"]
[Black "Cuccaro, Giuseppina"]
[WhiteElo "1718"]
[BlackElo "1497"]
[Result "1-0"]
[PlyCount "115"]
[EventDate "2015.04.09"]

1. d4 Nf6 2. Nf3 g6 3. Nbd2 Bg7 4. c3 d5 5. g3 Bg4 6. Bg2 O-O 7. O-O Nc6 8. b3
Qd7 9. Bb2 Bh3 10. Re1 Bxg2 11. Kxg2 Nh5 12. h3 f5 13. e3 Rae8 14. c4 Nb4 15.
Qb1 Nf6 16. Ne5 Qd6 17. c5 Qe6 18. a3 Nc6 19. Ndf3 Ne4 20. Nxc6 Qxc6 21. Qc2 b6
22. b4 Qd7 23. Nd2 e5 24. f3 Ng5 25. h4 Nf7 26. Rad1 c6 27. Nb3 exd4 28. exd4
Nd8 29. Qf2 f4 30. Rxe8 Qxe8 31. Re1 fxg3 32. Rxe8 gxf2 33. Rxf8+ Kxf8 34. Kxf2
Ne6 35. Kg3 Kf7 36. cxb6 axb6 37. a4 Ke7 38. a5 bxa5 39. bxa5 Nc7 40. Ba3+ Kd7
41. Bc5 Na6 42. Bb6 Bf8 43. Kg4 Kc8 44. h5 Nb4 45. hxg6 hxg6 46. Kg5 Nd3 47.
Kxg6 Bd6 48. Kf5 Nf4 49. Nc5 Ne2 50. Ne6 Kb7 51. f4 Ng3+ 52. Kg4 Ne4 53. Nd8+
Ka6 54. Nxc6 Nf6+ 55. Kf5 Nd7 56. Ke6 Nxb6 57. Kxd6 Kb5 58. axb6 1-0

[Event "Memorial Francesco Greco"]
[Site "Napoli ITA"]
[Date "2015.04.23"]
[Round "3"]
[White "Cocchia, Umberto"]
[Black "Guglielmi, Domenico Donato"]
[WhiteElo "1812"]
[BlackElo "1494"]
[Result "1-0"]
[PlyCount "71"]
[EventDate "2015.04.09"]

1. e4 c5 2. Nf3 Nc6 3. d4 cxd4 4. Nxd4 e5 5. Nb5 d6 6. N1c3 a6 7. Na3 Nf6 8.
Bg5 h6 9. Bxf6 Qxf6 10. Nd5 Qd8 11. c3 Be6 12. Nc2 Rc8 13. Nce3 Ne7 14. Nxe7
Bxe7 15. Nd5 Bxd5 16. Qxd5 Rc5 17. Qxb7 O-O 18. Bxa6 Bg5 19. Qb3 d5 20. exd5
Rxd5 21. O-O Ra5 22. Rfd1 Qa8 23. Bc4 Qa7 24. Rd5 Rb8 25. Rxa5 Rxb3 26. Rxa7
Rxb2 27. Rxf7 Kh8 28. a4 Rc2 29. Bd3 Kg8 30. Rxg7+ Kxg7 31. Bxc2 Bf6 32. Be4
Kf7 33. a5 Bg5 34. a6 Bd2 35. a7 Bxc3 36. Ra6 1-0

[Event "Memorial Francesco Greco"]
[Site "Napoli ITA"]
[Date "2015.04.23"]
[Round "3"]
[White "Condorelli, Pietro"]
[Black "Taurisano, Vincenzo"]
[WhiteElo "1677"]
[BlackElo "1869"]
[Result "0-1"]
[PlyCount "70"]
[EventDate "2015.04.09"]

1. e4 e5 2. Nf3 Nc6 3. Bc4 Bc5 4. c3 d6 5. d4 exd4 6. cxd4 Bb6 7. O-O Nf6 8. d5
Ne5 9. Nxe5 dxe5 10. Qd3 O-O 11. h3 Kh8 12. Nc3 a6 13. Bg5 Qd6 14. a3 Bd7 15.
Qf3 Ng8 16. Ne2 f5 17. Bd2 fxe4 18. Qxe4 Nf6 19. Qh4 Nxd5 20. Rad1 c6 21. Bg5
Rf7 22. Ng3 Raf8 23. Ne4 Qg6 24. Bd3 Bf5 25. Kh2 h6 26. Bc1 Nf4 27. Bxf4 exf4
28. Qxf4 Bc7 29. Qxc7 Rxc7 30. Nc5 Bxd3 31. Nxd3 Re7 32. g3 Qf5 33. Nf4 g5 34.
Nh5 Re2 35. Kg2 Rxf2+ 0-1

[Event "Memorial Francesco Greco"]
[Site "Napoli ITA"]
[Date "2015.04.23"]
[Round "3"]
[White "De Rosa, Fabrizio"]
[Black "Angelotti, Mario"]
[WhiteElo "1398"]
[BlackElo "1705"]
[Result "0-1"]
[PlyCount "90"]
[EventDate "2015.04.09"]

1. e4 Nf6 2. e5 Nd5 3. Nf3 d6 4. exd6 cxd6 5. Bb5+ Nc6 6. O-O Bg4 7. h3 Bh5 8.
d4 a6 9. Bxc6+ bxc6 10. c4 Nf6 11. Nbd2 Qb6 12. Nb3 Rd8 13. Qd3 e6 14. Bd2 Rd7
15. Ba5 Qb7 16. Bc3 Be7 17. Na5 Qc7 18. Nd2 Bg6 19. Qg3 O-O 20. Rfe1 Bd8 21.
Nab3 Qa7 22. Bb4 Bc7 23. Qf3 a5 24. Bc3 a4 25. Nc1 d5 26. b3 c5 27. dxc5 Qxc5
28. a3 Ra8 29. bxa4 Rxa4 30. cxd5 Rf4 31. Qe3 Qxd5 32. Ne2 Ra4 33. Nf4 Bxf4 34.
Qxf4 Rxf4 35. a4 Ne4 36. Nxe4 Bxe4 37. Re3 Bxg2 38. Rg3 f6 39. Rxg2 Qf3 40. Be1
Qxh3 41. a5 Rh4 42. f3 Qh1+ 43. Kf2 Rh2 44. Rxh2 Qxh2+ 45. Ke3 Qe5+ 0-1

[Event "Memorial Francesco Greco"]
[Site "Napoli ITA"]
[Date "2015.04.23"]
[Round "3"]
[White "De Rosa, Francesco"]
[Black "Zinnai, Graziano Matteo"]
[WhiteElo "1938"]
[BlackElo "2110"]
[Result "1-0"]
[PlyCount "77"]
[EventDate "2015.04.09"]

1. d4 Nf6 2. Nf3 d5 3. g3 e6 4. Bg2 Nbd7 5. b3 Bd6 6. O-O c6 7. Bb2 Qc7 8. c4
b6 9. Na3 Ba6 10. Rc1 O-O 11. Rc2 Rac8 12. Qd3 e5 13. dxe5 Nxe5 14. Qf5 Qd7 15.
Nd4 dxc4 16. Qxd7 Nfxd7 17. Nf5 Bc5 18. Nxc4 Nxc4 19. bxc4 f6 20. Bd4 Bxd4 21.
Nxd4 Ne5 22. Bh3 c5 23. Bxc8 Rxc8 24. Nf5 Rd8 25. Rfc1 g6 26. Ne3 Rd4 27. f4
Nc6 28. Rd1 Re4 29. Kf2 Nd4 30. Rc3 Kf7 31. Ra3 Rxe3 32. Rxe3 Bxc4 33. g4 a5
34. a4 Be6 35. Rb1 Bxg4 36. Rxb6 c4 37. Ra6 Nb3 38. Ra7+ Kf8 39. Ree7 1-0

[Event "Memorial Francesco Greco"]
[Site "Napoli ITA"]
[Date "2015.04.23"]
[Round "3"]
[White "Esposito, Luca"]
[Black "Baltzopoulos, Giorgos"]
[WhiteElo "2209"]
[BlackElo "1986"]
[Result "1-0"]
[PlyCount "65"]
[EventDate "2015.04.09"]

1. d4 Nf6 2. c4 g6 3. Nc3 d5 4. cxd5 Nxd5 5. e4 Nxc3 6. bxc3 Bg7 7. Bc4 c5 8.
Ne2 Nc6 9. Be3 O-O 10. Rc1 Bd7 11. O-O Qc7 12. Qd2 Rad8 13. Bh6 Bc8 14. Bxg7
Kxg7 15. Qg5 e5 16. dxc5 h6 17. Qe3 Ne7 18. Rfd1 b6 19. Bd5 bxc5 20. c4 f5 21.
f3 Rf6 22. Rb1 fxe4 23. fxe4 Bg4 24. h3 Bxe2 25. Qxe2 Rb8 26. Rxb8 Qxb8 27. Qg4
Qb6 28. Qd7 Kf8 29. Kh2 Rf2 30. Be6 h5 31. Rd3 Rf6 32. Rd6 Qa5 33. Ra6 1-0

[Event "Memorial Francesco Greco"]
[Site "Napoli ITA"]
[Date "2015.04.23"]
[Round "3"]
[White "Fortuna, Armando"]
[Black "Esposito, Rosario"]
[WhiteElo "1618"]
[BlackElo "1813"]
[Result "0-1"]
[PlyCount "30"]
[EventDate "2015.04.09"]

1. e4 c5 2. Nf3 e6 3. d4 cxd4 4. Nxd4 Nc6 5. Nc3 Qc7 6. Be3 a6 7. Be2 Nf6 8.
O-O Bb4 9. Nxc6 bxc6 10. f3 O-O 11. Na4 Bd6 12. h3 Nh5 13. Qd2 Bh2+ 14. Kh1
Ng3+ 15. Kxh2 Nxf1+ 0-1

[Event "Memorial Francesco Greco"]
[Site "Napoli ITA"]
[Date "2015.04.23"]
[Round "3"]
[White "Nardiello, Luigi"]
[Black "Di Giovine, Massimo"]
[WhiteElo "1945"]
[BlackElo "1437"]
[Result "1-0"]
[PlyCount "77"]
[EventDate "2015.04.09"]

1. e4 c5 2. Nf3 d6 3. d4 cxd4 4. Nxd4 Nf6 5. Nc3 a6 6. f3 e5 7. Nb3 Be6 8. Be3
Nc6 9. Qd2 Be7 10. O-O-O O-O 11. g4 h6 12. h4 Nh7 13. Kb1 b5 14. Nd5 Rb8 15.
Nxe7+ Nxe7 16. Qxd6 Qxd6 17. Rxd6 Rfd8 18. Rxd8+ Rxd8 19. Be2 Ng6 20. Nc5 Bc8
21. Nd3 f6 22. h5 Ngf8 23. Nb4 Ne6 24. Nd5 Kf7 25. c4 bxc4 26. Bxc4 Nhf8 27.
Rc1 Kg8 28. Ne7+ Kh7 29. Nxc8 Rxc8 30. Bxa6 Rxc1+ 31. Kxc1 Ng5 32. Bxg5 hxg5
33. Bc8 g6 34. hxg6+ Kxg6 35. a4 Kf7 36. a5 Ke7 37. a6 Nd7 38. Bxd7 Kxd7 39. a7
1-0

[Event "Memorial Francesco Greco"]
[Site "Napoli ITA"]
[Date "2015.04.23"]
[Round "3"]
[White "Pellegrino, Carlo"]
[Black "Auletta, Pasquale"]
[WhiteElo "1599"]
[BlackElo "1604"]
[Result "0-1"]
[PlyCount "66"]
[EventDate "2015.04.09"]

1. d4 Nf6 2. Nf3 e6 3. e3 b6 4. Bd3 Bb7 5. b3 c5 6. Bb2 Be7 7. O-O O-O 8. Nbd2
Nc6 9. a3 d6 10. c4 d5 11. Qe2 Qc7 12. Ne5 Bd6 13. f4 Rfd8 14. Rf3 dxc4 15.
Ndxc4 Nxd4 16. exd4 Bxf3 17. Nxf3 Bxf4 18. g3 Bd6 19. Nxd6 Qxd6 20. Bc2 cxd4
21. Bxd4 Rac8 22. Bxf6 gxf6 23. b4 a5 24. Ne1 Qd4+ 25. Kf1 Qxa1 26. Qg4+ Kf8
27. Bxh7 Ke7 28. bxa5 Qd4 29. Qxd4 Rxd4 30. axb6 Ra4 31. Nd3 Rxa3 32. b7 Rh8
33. Be4 f5 0-1

[Event "Memorial Francesco Greco"]
[Site "Napoli ITA"]
[Date "2015.05.07"]
[Round "4"]
[White "Auletta, Pasquale"]
[Black "Solombrino, Giovanni"]
[WhiteElo "1604"]
[BlackElo "1819"]
[Result "0-1"]
[PlyCount "80"]
[EventDate "2015.04.09"]

1. e4 c5 2. Nf3 Nc6 3. d4 cxd4 4. Nxd4 g6 5. Nc3 Bg7 6. Be3 Nf6 7. f3 O-O 8.
Qd2 d5 9. exd5 Nxd5 10. Nxc6 bxc6 11. Nxd5 cxd5 12. O-O-O Rb8 13. Bd4 e5 14.
Bxa7 Ra8 15. Qe3 d4 16. Bxd4 exd4 17. Qb3 Be6 18. Bc4 Bxc4 19. Qxc4 Qg5+ 20. f4
Qxf4+ 21. Kb1 Qb8 22. Rd3 Qc8 23. Qb3 Rb8 24. Qd5 Qb7 25. Qxb7 Rxb7 26. a4 Ra8
27. Ra3 Re8 28. a5 Ra8 29. Ka2 Rb5 30. a6 Rb6 31. a7 Rb7 32. Re1 Raxa7 33. Re8+
Bf8 34. Rd8 Rxa3+ 35. bxa3 Ra7 36. Kb2 f5 37. Rxd4 Bg7 38. c3 Bxd4 39. cxd4 Kf7
40. Kb3 Ke6 0-1

[Event "Memorial Francesco Greco"]
[Site "Napoli ITA"]
[Date "2015.05.07"]
[Round "4"]
[White "Baccelliere, Antonio"]
[Black "De Rosa, Fabrizio"]
[WhiteElo "1695"]
[BlackElo "1398"]
[Result "1-0"]
[PlyCount "77"]
[EventDate "2015.04.09"]

1. e4 e6 2. d4 d5 3. exd5 exd5 4. Bd3 Nf6 5. Bf4 Be7 6. Nf3 Be6 7. O-O O-O 8.
Re1 c5 9. Ng5 c4 10. Nxe6 fxe6 11. Bf1 Ne4 12. Bg3 Bh4 13. Bxh4 Qxh4 14. f3 Ng5
15. b3 b5 16. a4 Nc6 17. c3 a6 18. bxc4 dxc4 19. d5 Rfd8 20. axb5 Rxd5 21. Qc1
Rxb5 22. Na3 Rc5 23. Bxc4 Rxc4 24. Nxc4 Nxf3+ 25. gxf3 Qxc4 26. Qe3 Kf7 27. Qe4
Qc5+ 28. Kg2 Qg5+ 29. Kh1 Qd5 30. Qf4+ Qf5 31. Qc7+ Ne7 32. Kg1 Qg5+ 33. Kf2
Qh4+ 34. Qg3 Qf6 35. Qg4 Qh6 36. Kg1 Nf5 37. Qe4 Qg5+ 38. Kh1 Qf6 39. Qxa8 1-0

[Event "Memorial Francesco Greco"]
[Site "Napoli ITA"]
[Date "2015.05.07"]
[Round "4"]
[White "Baltzopoulos, Giorgos"]
[Black "Buiano, Fabio"]
[WhiteElo "1986"]
[BlackElo "2067"]
[Result "1-0"]
[PlyCount "67"]
[EventDate "2015.04.09"]

1. e4 c5 2. Nf3 g6 3. d4 cxd4 4. Qxd4 Nf6 5. Bb5 a6 6. e5 axb5 7. exf6 Nc6 8.
Qd3 b4 9. O-O e6 10. Nbd2 d5 11. Re1 Bd6 12. Nb3 O-O 13. Bg5 Re8 14. Qd2 Bd7
15. c4 bxc3 16. bxc3 Na5 17. Qd4 Nc4 18. Nc5 b6 19. Nd3 Na3 20. Nde5 Ra4 21. c4
Nxc4 22. Ng4 Rf8 23. Bh6 e5 24. Bg7 Bxg4 25. Qxg4 Re8 26. Qh4 Nb2 27. Qh6 Rg4
28. h3 e4 29. hxg4 exf3 30. gxf3 Nd3 31. Red1 Bf4 32. Qh3 Nc5 33. Kg2 Ne6 34.
Qxh7+ 1-0

[Event "Memorial Francesco Greco"]
[Site "Napoli ITA"]
[Date "2015.05.07"]
[Round "4"]
[White "De Rosa, Francesco"]
[Black "Esposito, Luca"]
[WhiteElo "1938"]
[BlackElo "2209"]
[Result "0-1"]
[PlyCount "42"]
[EventDate "2015.04.09"]

1. d4 d5 2. c4 c6 3. Nf3 Nf6 4. Nc3 dxc4 5. a4 Bf5 6. Ne5 Na6 7. f3 Nd7 8. Nxc4
e5 9. e4 exd4 10. exf5 dxc3 11. Nd6+ Bxd6 12. Qxd6 Qa5 13. Kf2 Qb6+ 14. Kg3
cxb2 15. Bxb2 O-O-O 16. Bxa6 Qxa6 17. Bxg7 Rhg8 18. f6 Qa5 19. Rhc1 Qg5+ 20.
Kh3 Qf5+ 21. Kg3 Qxf6 0-1

[Event "Memorial Francesco Greco"]
[Site "Napoli ITA"]
[Date "2015.05.07"]
[Round "4"]
[White "Di Giovine, Massimo"]
[Black "Pellegrino, Carlo"]
[WhiteElo "1437"]
[BlackElo "1599"]
[Result "1-0"]
[PlyCount "47"]
[EventDate "2015.04.09"]

1. d4 Nf6 2. c4 e6 3. a3 c5 4. Nf3 cxd4 5. Nxd4 a6 6. Nc3 b6 7. Nf3 Bb7 8. e3
Be7 9. Bd3 d5 10. O-O O-O 11. cxd5 Nxd5 12. Nxd5 Bxd5 13. e4 Bb7 14. e5 Nc6 15.
b4 Qd5 16. Re1 Rfd8 17. Bc2 Nd4 18. Be4 Qxe4 19. Rxe4 Bxe4 20. Nxd4 Rd7 21. Qg4
Bg6 22. Nxe6 Rd3 23. Nf4 Rc3 24. Nxg6 1-0

[Event "Memorial Francesco Greco"]
[Site "Napoli ITA"]
[Date "2015.05.07"]
[Round "4"]
[White "Esposito, Rosario"]
[Black "Angelotti, Mario"]
[WhiteElo "1813"]
[BlackElo "1705"]
[Result "1/2-1/2"]
[PlyCount "38"]
[EventDate "2015.04.09"]

1. d4 Nf6 2. c4 d5 3. cxd5 Qxd5 4. Nc3 Qa5 5. Bd2 c6 6. e4 Qc7 7. e5 Nd5 8.
Nxd5 cxd5 9. Rc1 Nc6 10. Bb5 Bd7 11. Ne2 e6 12. O-O Be7 13. Bd3 Qb6 14. Bc3 f6
15. Ng3 g6 16. Kh1 f5 17. Ne2 O-O-O 18. Qd2 Kb8 19. a3 h6 1/2-1/2

[Event "Memorial Francesco Greco"]
[Site "Napoli ITA"]
[Date "2015.05.07"]
[Round "4"]
[White "Freda, Guido"]
[Black "Baccelliere, Donato"]
[WhiteElo "1581"]
[BlackElo "1467"]
[Result "0-1"]
[PlyCount "90"]
[EventDate "2015.04.09"]

1. e4 c5 2. Nf3 d6 3. d4 cxd4 4. Nxd4 Nf6 5. Nc3 Nc6 6. Bb5 Qc7 7. h3 a6 8. Ba4
Bd7 9. O-O e6 10. Bb3 Be7 11. Be3 O-O 12. Nxc6 Bxc6 13. Qd3 Rad8 14. Bf4 Rfe8
15. Qf3 b5 16. Rfe1 Nd7 17. a3 Bf6 18. Rad1 Ne5 19. Bxe5 Bxe5 20. Rd3 f5 21.
Qxf5 Qe7 22. Qg4 Kh8 23. Nd1 Bd7 24. Qh5 Rf8 25. Rf3 Rxf3 26. Qxf3 Rf8 27. Qe2
Qf6 28. c3 Qh6 29. Qg4 Qf6 30. Re3 Qh6 31. Rf3 Rxf3 32. Qxf3 Qf4 33. Qxf4 Bxf4
34. g3 Bc1 35. Kf1 g5 36. Ke2 h5 37. f3 e5 38. g4 h4 39. Kd3 Kg7 40. Kc2 Bf4
41. c4 Kf6 42. cxb5 Bxb5 43. Nc3 Bf1 44. Nd5+ Kg7 45. Nc7 Kh8 0-1

[Event "Memorial Francesco Greco"]
[Site "Napoli ITA"]
[Date "2015.05.07"]
[Round "4"]
[White "Ghiani, Marco"]
[Black "Ficco, Corrado"]
[WhiteElo "1733"]
[BlackElo "2045"]
[Result "0-1"]
[PlyCount "104"]
[EventDate "2015.04.09"]

1. d4 f5 2. c4 Nf6 3. Nc3 g6 4. g3 Bg7 5. Bg2 O-O 6. Nf3 d6 7. O-O Nc6 8. d5
Na5 9. Qd3 c5 10. Nh4 e5 11. dxe6 Bxe6 12. Nd5 Nc6 13. f4 Qd7 14. Rb1 Rad8 15.
a3 Ne7 16. Nc3 d5 17. cxd5 Nexd5 18. Nxd5 Bxd5 19. Bxd5+ Qxd5 20. Qf3 Ne4 21.
Be3 Bd4 22. Rfd1 Qa2 23. Bxd4 Rxd4 24. Qe3 Rfd8 25. Rdc1 Rd2 26. b4 Rxe2 27.
Qb3+ Qxb3 28. Rxb3 Nd2 29. Rbc3 Ne4 30. R3c2 Rxc2 31. Rxc2 cxb4 32. axb4 Rd1+
33. Kg2 Rd2+ 34. Rxd2 Nxd2 35. Kf2 Kf7 36. Ke2 Ne4 37. Kd3 Ke6 38. Kd4 Kd6 39.
Nf3 Kc6 40. Kc4 Nd6+ 41. Kd4 Kb5 42. Kc3 Ka4 43. Ne5 h5 44. Nf3 Ne4+ 45. Kc4
b5+ 46. Kd4 Kxb4 47. Ne5 a5 48. Nc6+ Ka4 49. Kd3 b4 50. Nd4 Nc5+ 51. Kc4 Ne4
52. Nc2 b3 0-1